000 01597nam0a2200313 4500
001 RU\NLR\bibl\426793
005 20260406163600.0
010 _a5-94643-016-5
_bПушк. б-ка
010 _a5-17-017766-6
_bАСТ
_98000
021 _aRU
_b2003-38795
_91847
035 _a(NLR Aleph) 000420676
090 _a692920
_c692920
100 _a20030807d2003 |||y0rusy50 ca
101 1 _arus
_ceng
102 _aRU
105 _ay |||||||||
200 1 _aПовелитель мух
_aЧрезвычайный посол
_e[Повести]
_fУильям Голдинг
_g[Пер. с англ. Е. Суриц, Ю. Здоровова
_gВступ. ст. и прим. А.А. Чамеева]
210 _aМ.
_cАСТ
_cПушк. б-ка
_d2003
215 _a714, [2] с.
_d22
225 1 _aЗолотой фонд мировой классики
_fСост. К.Н. Атарова, А.Я. Ливергант
_fРедкол.: Аверинцев С.С. и др.]
423 0 _12001#$aЧерный принц$e[Роман]$fАйрис Мердок$g[Пер. с англ. И. Бернштейн, А. Поливановой]
_1210##$aМ.$d2003
_1215##$aС. 365-698
_1700#1$aМердок$bА.$f1919-1999$gАйрис$4070$3RU\NLR\auth\7710522
_tЧерный принц
_aМердок, Айрис (1919-1999)
686 _aШ6(4Вл)67-440.4я43{Лх1299-50сб}
700 1 _4070
_8rus
_7ca
_aГолдинг
_bУ.
_f1911-1993
_gУильям
_3RU\NLR\auth\7710256
_9120035
801 0 _aRU
_bNLR
_c20030807
_gPSBO
801 1 _aRU
_bNLR
_c20030807
942 _cBOOK
980 _aNB